[Event "Kreis-Mitte-EM"]
[Site "Zirndorf"]
[Date "2015.01.03"]
[Round "4.7"]
[White "Rummel, Gerald"]
[Black "Babichev, Vyacheslav"]
[Result "1-0"]
[WhiteElo "1826"]
[BlackElo "1699"]
[PlyCount "167"]
[EventDate "2015.??.??"]
[WhiteTeam "SC Anderssen Nbg."]
[BlackTeam "SW Nürnberg Süd"]

1. d4 Nf6 2. c4 g6 3. Nc3 Bg7 4. e4 d6 5. f3 O-O 6. Be3 e5 7. Nge2 c6 8. Qd2 a6
9. d5 cxd5 10. cxd5 Nbd7 11. Nc1 b5 12. Be2 Nb6 13. b3 b4 14. Nd1 a5 15. a3
bxa3 16. Rxa3 Qc7 17. O-O Bd7 18. Nf2 a4 19. bxa4 Nxa4 20. Na2 Nc5 21. Qc3 Rfb8
22. Rxa8 Rxa8 23. Nc1 Qb7 24. Bxc5 Rc8 25. Ncd3 Bb5 26. Rb1 Qa6 27. Qb2 Rb8 28.
Be3 Nd7 29. Qa1 Qc8 30. Rc1 Qe8 31. Bf1 f5 32. Qc3 f4 33. Bd2 Ba6 34. Qc6 Rb6
35. Qa4 Bb5 36. Qa2 Ra6 37. Qc2 Rb6 38. Qc8 Kf8 39. Qxe8+ Kxe8 40. Nb4 Bxf1 41.
Kxf1 Nc5 42. Be1 h5 43. Nfd3 Bf8 44. Nxc5 dxc5 45. Nd3 Bd6 46. Nxc5 g5 47. Nd3
Rb3 48. Rc3 Rb8 49. Rc6 Kd7 50. Bc3 Re8 51. Bb4 Bxb4 52. Nxb4 Rb8 53. Rc4 g4
54. Nd3 Re8 55. Kf2 gxf3 56. Kxf3 h4 57. Kg4 Rg8+ 58. Kh3 Re8 59. Ne1 Ra8 60.
Nf3 Ra3 61. Kxh4 Ra2 62. Kh3 Ra3 63. Kg4 Kd6 64. Rc6+ Ke7 65. Re6+ Kd8 66. Rxe5
Ra2 67. Kxf4 Rxg2 68. h4 Rg8 69. h5 Kd7 70. h6 Rf8+ 71. Rf5 Rh8 72. Rh5 Ke7 73.
h7 Kf6 74. Ng5 Kg6 75. Kg4 Kg7 76. e5 Kg6 77. d6 Kg7 78. Kf5 Rf8+ 79. Ke6 Kh8
80. Ke7 Rf6 81. d7 Rf8 82. d8=Q Kg7 83. Qxf8+ Kg6 84. Qf7# 1-0

[Event "Kreis-Mitte-EM"]
[Site "Zirndorf"]
[Date "2015.01.03"]
[Round "4.9"]
[White "Drees, Martin"]
[Black "Weißmann, Peter"]
[Result "1-0"]
[WhiteElo "1752"]
[BlackElo "1656"]
[PlyCount "97"]
[EventDate "2015.??.??"]
[WhiteTeam "TSV Cadolzburg"]
[BlackTeam "SK Zirndorf"]

1. e4 c5 2. c3 d5 3. exd5 Qxd5 4. d4 Nc6 5. Nf3 Bg4 6. dxc5 Qxd1+ 7. Kxd1
O-O-O+ 8. Nbd2 e5 9. b4 e4 10. h3 Bxf3+ 11. gxf3 exf3 12. Kc2 g6 13. Nxf3 Bg7
14. Rb1 Nge7 15. Bc4 Kb8 16. Bf4+ Ka8 17. Rhd1 f6 18. Nd4 Nxd4+ 19. cxd4 Nd5
20. Bd6 Rxd6 21. cxd6 Nb6 22. Be6 Rd8 23. d7 Nxd7 24. Bxd7 Rxd7 25. d5 f5 26.
Kb3 Kb8 27. Rbc1 Bf6 28. Rc2 g5 29. f3 h5 30. Re2 Kc7 31. Re6 Bd8 32. Rc1+ Kb8
33. Re5 f4 34. Rd1 Kc7 35. Kc4 a6 36. Re6 b5+ 37. Kd4 Kb7 38. Ke5 a5 39. bxa5
Bxa5 40. Rb1 Bc3+ 41. Ke4 b4 42. a3 Rc7 43. axb4 Bd2 44. Rd1 Be3 45. Kf5 g4 46.
hxg4 h4 47. d6 Rf7+ 48. Kg5 h3 49. Re7+ 1-0

[Event "Kreis-Mitte-EM"]
[Site "Zirndorf"]
[Date "2015.01.03"]
[Round "4.10"]
[White "Ratscheu, Stefan"]
[Black "Mantel, Ruben"]
[Result "1-0"]
[WhiteElo "1635"]
[BlackElo "1749"]
[PlyCount "35"]
[EventDate "2015.??.??"]
[WhiteTeam "SC Postbauer-Heng"]
[BlackTeam "Zabo-Eintracht N."]

1. e4 e6 2. Nf3 d5 3. Nc3 Nf6 4. e5 Nfd7 5. d4 c5 6. dxc5 Nc6 7. Bf4 Bxc5 8.
Bd3 Qb6 9. O-O Qxb2 10. Nb5 Kf8 11. Qe2 Qb4 12. Bd2 Qg4 13. h3 Qh5 14. Bf4 Nb4
15. Kh2 Nxd3 16. cxd3 b6 17. g4 Qg6 18. Nh4 1-0

[Event "Kreis-Mitte-EM"]
[Site "Zirndorf"]
[Date "2015.01.03"]
[Round "4.11"]
[White "Münzenberg, Dietrich"]
[Black "Hahn, Thomas"]
[Result "0-1"]
[WhiteElo "1668"]
[BlackElo "1661"]
[PlyCount "82"]
[EventDate "2015.??.??"]
[WhiteTeam "Zabo-Eintracht N."]
[BlackTeam "Zabo-Eintracht N."]

1. d4 Nf6 2. Bg5 Ne4 3. Bf4 d5 4. f3 Nf6 5. Nd2 e6 6. e4 dxe4 7. Nxe4 Nxe4 8.
fxe4 c5 9. Nf3 cxd4 10. Nxd4 Bc5 11. c3 O-O 12. Bb5 Qf6 13. O-O Qe7 14. Be3 Rd8
15. Qf3 a6 16. Ba4 b5 17. Bc2 Bb7 18. Kh1 Nd7 19. Qh3 Ne5 20. b3 Rd7 21. Rad1
Rad8 22. Qg3 Bd6 23. Qh3 Ng6 24. Nf3 Bf4 25. Bb6 Rxd1 26. Rxd1 Rxd1+ 27. Bxd1
Qd6 28. Bd4 e5 29. Nxe5 Bxe5 30. Qe3 Bxd4 31. cxd4 Qf4 32. Qxf4 Nxf4 33. Bf3
Nd3 34. d5 Nc1 35. a4 Nxb3 36. axb5 axb5 37. d6 Nc5 38. Be2 b4 39. Bb5 Bc8 40.
e5 b3 41. Bc4 Be6 0-1

[Event "Kreis-Mitte-EM"]
[Site "Zirndorf"]
[Date "2015.01.03"]
[Round "4.12"]
[White "Albayrak, Aylin"]
[Black "Nüßlein, Christian"]
[Result "1/2-1/2"]
[WhiteElo "1499"]
[BlackElo "1661"]
[PlyCount "103"]
[EventDate "2015.??.??"]
[WhiteTeam "Zabo-Eintracht N."]
[BlackTeam "SGem Nürnberg 1978"]

1. d4 Nf6 2. c4 c5 3. d5 b5 4. cxb5 a6 5. Nc3 d6 6. e4 g6 7. Nf3 Nbd7 8. Be2
Bg7 9. O-O O-O 10. Re1 axb5 11. Bxb5 Ba6 12. Bxa6 Rxa6 13. Qd3 Qb6 14. h3 Rc8
15. Nd2 Ne5 16. Qc2 c4 17. Na4 Qa7 18. Nc3 Nd3 19. Re2 Nh5 20. Nf3 Ng3 21. Rd2
Bxc3 22. bxc3 Nxe4 23. Re2 Nxc1 24. Qxc1 Nf6 25. Qg5 Rc5 26. Rd2 Raa5 27. Rad1
Rxa2 28. Rd4 Ra1 29. Kh2 Rxd1 30. Rxd1 Qb7 31. Rd4 Rxd5 32. Qh6 Rh5 33. Qe3 d5
34. g4 Nxg4+ 35. Rxg4 Qc7+ 36. Kg2 e5 37. Rg5 Rxg5+ 38. Qxg5 Qd6 39. Nh4 Qe6
40. Nf3 Kg7 41. h4 f6 42. Qg3 h5 43. Ne1 Qg4 44. Qxg4 hxg4 45. Kg3 f5 46. f3
gxf3 47. Nxf3 Kf6 48. Kf2 f4 49. Ke2 Kf5 50. Kd2 e4 51. Nh2 e3+ 52. Ke2 1/2-1/2

[Event "Kreis-Mitte-EM"]
[Site "Zirndorf"]
[Date "2015.01.03"]
[Round "4.14"]
[White "Pörzgen, Michael"]
[Black "Mantel, Hans"]
[Result "1/2-1/2"]
[WhiteElo "1606"]
[BlackElo "1503"]
[PlyCount "58"]
[EventDate "2015.??.??"]
[WhiteTeam "SW Nürnberg Süd"]
[BlackTeam "Zabo-Eintracht N."]

1. e4 c5 2. Nc3 e6 3. f4 d6 4. Bc4 a6 5. a4 Nf6 6. Nf3 Nc6 7. O-O Be7 8. d3 d5
9. exd5 exd5 10. Ba2 O-O 11. Ne5 d4 12. Nxc6 bxc6 13. Ne4 Bf5 14. Qf3 Qd7 15.
Nxf6+ Bxf6 16. Bd2 Rab8 17. Rab1 Rfe8 18. Bc4 Bg4 19. Qg3 Re2 20. Rf2 Rbe8 21.
Kf1 Rxf2+ 22. Qxf2 Re2 23. Qxe2 Bxe2+ 24. Kxe2 Qg4+ 25. Kf2 Bh4+ 26. g3 Qh3 27.
Kg1 Bxg3 28. hxg3 Qxg3+ 29. Kf1 Qf3+ 1/2-1/2

[Event "Kreis-Mitte-EM"]
[Site "Zirndorf"]
[Date "2015.01.03"]
[Round "4.15"]
[White "Hüseinov, Sebaydin"]
[Black "Dreiseitel, Ursula"]
[Result "1-0"]
[WhiteElo "1630"]
[BlackElo "1356"]
[PlyCount "93"]
[EventDate "2015.??.??"]
[WhiteTeam "Zabo-Eintracht N."]
[BlackTeam "SC N-T Nürnberg"]

1. e4 e6 2. Nf3 d5 3. exd5 exd5 4. d4 Nf6 5. c3 Bf5 6. Bg5 Be7 7. Bd3 Bxd3 8.
Qxd3 h6 9. Bh4 O-O 10. O-O Nbd7 11. Nbd2 c5 12. dxc5 Nxc5 13. Qc2 Rc8 14. Rfe1
Re8 15. Nd4 Qc7 16. f3 Qb6 17. Bf2 Qc7 18. a4 Bd6 19. Nf1 a5 20. Bg3 Ne6 21.
Nb5 Qb6+ 22. Bf2 Bc5 23. Bxc5 Qxc5+ 24. Qf2 Qc6 25. Na7 Qc4 26. Nxc8 Rxc8 27.
Ne3 Qc6 28. Nf5 Rc7 29. Nd4 Nxd4 30. Qxd4 Rc8 31. Re2 Re8 32. Rae1 Rxe2 33.
Rxe2 Kf8 34. Kf2 Qd7 35. Re5 Qc6 36. h4 h5 37. b4 Qxa4 38. Qc5+ Kg8 39. bxa5
Qb3 40. Qb4 Qa2+ 41. Re2 Qc4 42. Qxc4 dxc4 43. Rb2 Nd5 44. Rxb7 Nxc3 45. a6 Na2
46. a7 c3 47. a8=Q+ 1-0

[Event "Kreis-Mitte-EM"]
[Site "Zirndorf"]
[Date "2015.01.04"]
[Round "5.1"]
[White "Strobel, Norbert"]
[Black "Luther, Helmut"]
[Result "0-1"]
[WhiteElo "1948"]
[BlackElo "1949"]
[PlyCount "82"]
[EventDate "2015.??.??"]
[WhiteTeam "SK Zirndorf"]
[BlackTeam "SW Nürnberg Süd"]

1. d4 d5 2. Nf3 Nf6 3. e3 g6 4. Bd3 Bg7 5. O-O O-O 6. b4 a6 7. c4 c6 8. h3 Nbd7
9. Qb3 Re8 10. cxd5 cxd5 11. Bb2 b6 12. Ne5 Nxe5 13. dxe5 Ne4 14. Rd1 Ng5 15.
f4 Nxh3+ 16. gxh3 Bxh3 17. Bf1 Qd7 18. Bxh3 Qxh3 19. Nd2 Qg3+ 20. Kf1 Qh3+ 21.
Ke2 Qg4+ 22. Kd3 Qf5+ 23. Kd4 f6 24. e4 fxe5+ 25. Kd3 Qxf4 26. Rf1 Qg4 27. Bxe5
e6 28. Bxg7 Kxg7 29. Qc3+ Kg8 30. Qc7 dxe4+ 31. Nxe4 Rad8+ 32. Ke3 Qh3+ 33. Rf3
Rd3+ 34. Kxd3 Qxf3+ 35. Kd2 Qxe4 36. Rf1 Qd4+ 37. Ke1 Qe3+ 38. Kd1 Qd4+ 39. Ke1
Qe3+ 40. Kd1 Qd3+ 41. Ke1 Qb1+ 0-1

[Event "Kreis-Mitte-EM"]
[Site "Zirndorf"]
[Date "2015.01.04"]
[Round "5.2"]
[White "Walch, Roger"]
[Black "Leis, Stefan"]
[Result "1-0"]
[WhiteElo "1686"]
[BlackElo "1904"]
[PlyCount "111"]
[EventDate "2015.??.??"]
[WhiteTeam "SW Nürnberg Süd"]
[BlackTeam "SC Mühlhof-R'dorf"]

1. e4 c5 2. Nf3 Nc6 3. d4 cxd4 4. Nxd4 Nf6 5. Nc3 d6 6. f3 e6 7. Be3 a6 8. Qd2
Qc7 9. a3 Bd7 10. Be2 Be7 11. O-O Rc8 12. Rac1 Na5 13. g4 Nc4 14. Bxc4 Qxc4 15.
Nce2 b5 16. b3 Qc7 17. Ng3 Qc3 18. Qf2 h6 19. Bd2 Qc5 20. Be3 Qc3 21. Nge2 Qc7
22. c4 Qb7 23. h4 g6 24. cxb5 axb5 25. Rxc8+ Qxc8 26. Rc1 Qb7 27. b4 e5 28. Nb3
Nxg4 29. fxg4 Qxe4 30. Qg3 Qxg4 31. Qxg4 Bxg4 32. Nc3 Bd7 33. Nd5 Bxh4 34. Rc7
Bd8 35. Ra7 f5 36. Bb6 Bxb6+ 37. Nxb6 Rh7 38. Ra8+ Ke7 39. Nxd7 Rf7 40. Nb6 Kf6
41. Nd5+ Ke6 42. Nc3 f4 43. Nxb5 g5 44. Ra6 Kd5 45. Na5 g4 46. Rxd6+ Ke4 47.
Rxh6 Kf3 48. Nc4 Kg3 49. Nxe5 Rf5 50. Re6 f3 51. Nd4 Rf4 52. Rd6 Re4 53. Nd3
f2+ 54. Kf1 Re1+ 55. Nxe1 fxe1=Q+ 56. Kxe1 1-0

[Event "Kreis-Mitte-EM"]
[Site "Zirndorf"]
[Date "2015.01.04"]
[Round "5.3"]
[White "Rausch, Wolfgang sr"]
[Black "Wirth, Karl-Heinz"]
[Result "1-0"]
[WhiteElo "1886"]
[BlackElo "1788"]
[PlyCount "39"]
[EventDate "2015.??.??"]
[WhiteTeam "SW Nürnberg Süd"]
[BlackTeam "SC Mühlhof-R'dorf"]

1. c4 Nf6 2. Nc3 e5 3. Nf3 Nc6 4. d4 exd4 5. Nxd4 Bc5 6. Nxc6 bxc6 7. e3 O-O 8.
Be2 d5 9. O-O Be6 10. cxd5 cxd5 11. b3 Qe7 12. Qc2 Rac8 13. Bb2 c6 14. Rac1 Bb6
15. Ba6 Rb8 16. Na4 Bc7 17. Qxc6 Bxh2+ 18. Kxh2 Ng4+ 19. Kg1 Qh4 20. Qd6 1-0

[Event "Kreis-Mitte-EM"]
[Site "Zirndorf"]
[Date "2015.01.04"]
[Round "5.4"]
[White "Süß, Stefan"]
[Black "Thürauf, Peter"]
[Result "1-0"]
[WhiteElo "2004"]
[BlackElo "1761"]
[PlyCount "71"]
[EventDate "2015.??.??"]
[WhiteTeam "SC N-T Nürnberg"]
[BlackTeam "SW Nürnberg Süd"]

1. d4 d5 2. c4 e6 3. Nf3 Nf6 4. Nc3 c6 5. cxd5 exd5 6. Bg5 Nbd7 7. e3 Bd6 8.
Bd3 O-O 9. Qc2 Re8 10. Bxh7+ Kf8 11. O-O-O Qa5 12. Bd3 b5 13. Kb1 b4 14. Qa4
Qc7 15. Ne2 Ne4 16. Bxe4 dxe4 17. Nd2 Nb6 18. Qc2 Ba6 19. Nc1 f5 20. f3 exf3
21. Qxf5+ Kg8 22. gxf3 Bc8 23. Qc2 a5 24. Rdg1 Re6 25. Ne4 Be7 26. Bf4 Qd8 27.
Be5 Bf8 28. Ng5 Rh6 29. e4 Ba6 30. Nd3 Nc4 31. h4 Ne3 32. Qd2 Nc4 33. Qf4 Nxe5
34. Nxe5 Rf6 35. Qe3 Qc7 36. Qb3+ 1-0

[Event "Kreis-Mitte-EM"]
[Site "Zirndorf"]
[Date "2015.01.04"]
[Round "5.5"]
[White "Drees, Martin"]
[Black "Rummel, Gerald"]
[Result "1/2-1/2"]
[WhiteElo "1752"]
[BlackElo "1826"]
[PlyCount "50"]
[EventDate "2015.??.??"]
[WhiteTeam "TSV Cadolzburg"]
[BlackTeam "SC Anderssen Nbg."]

1. e4 e6 2. Nf3 d5 3. Nc3 Ne7 4. d4 b6 5. Bb5+ c6 6. Be2 Ba6 7. O-O Bxe2 8.
Qxe2 dxe4 9. Nxe4 Nf5 10. Bg5 Be7 11. Bxe7 Qxe7 12. Rad1 O-O 13. Rfe1 Rd8 14.
c4 Nd7 15. Nc3 Nf8 16. d5 cxd5 17. cxd5 Qb7 18. Qe4 Nd6 19. Qg4 Ne8 20. dxe6
Nxe6 21. Qh4 Nf6 22. Ng5 Nxg5 23. Qxg5 h6 24. Qh4 Rxd1 25. Rxd1 Re8 1/2-1/2

[Event "Kreis-Mitte-EM"]
[Site "Zirndorf"]
[Date "2015.01.04"]
[Round "5.6"]
[White "Schanz, Karlheinz"]
[Black "Ratscheu, Stefan"]
[Result "0-1"]
[WhiteElo "1755"]
[BlackElo "1635"]
[PlyCount "108"]
[EventDate "2015.??.??"]
[WhiteTeam "SC Mühlhof-R'dorf"]
[BlackTeam "SC Postbauer-Heng"]

1. e4 e5 2. Nf3 Nc6 3. d4 exd4 4. Nxd4 Qh4 5. Nc3 Bb4 6. Qd3 Nf6 7. Nxc6 Bxc3+
8. bxc3 dxc6 9. e5 Nd5 10. g3 Qh5 11. Bg2 Qxe5+ 12. Kd2 O-O 13. Re1 Qf6 14. Qd4
Rd8 15. Qxf6 Nxf6+ 16. Ke2 Bf5 17. Kf1 Bxc2 18. Bg5 Re8 19. Kg1 Ne4 20. Bxe4
Rxe4 21. Be3 Rae8 22. Re2 Ba4 23. Rd2 Rc8 24. Rb1 b6 25. Rb4 Rxb4 26. cxb4 Kf8
27. Kf1 Bb5+ 28. Ke1 Ke7 29. Bf4 f6 30. h4 Bc4 31. a3 b5 32. Rd4 Bd5 33. Kd1
Kd7 34. Rd3 Ra8 35. Kc1 a5 36. Bd2 axb4 37. Bxb4 Re8 38. Kd2 Re4 39. Re3 Ke6
40. Kd3 Kf5 41. Rxe4 Bxe4+ 42. Kd4 Bd5 43. f4 Kg4 44. Be1 Kf3 45. Kc5 Ke2 46.
Bc3 h5 47. Ba5 Kf2 48. Bxc7 Kxg3 49. Bd6 Kxh4 50. Bf8 g5 51. Be7 gxf4 52. Kd4
f3 53. Ke3 Kg3 54. Bxf6 h4 0-1

[Event "Kreis-Mitte-EM"]
[Site "Zirndorf"]
[Date "2015.01.04"]
[Round "5.7"]
[White "Siegl, Adrian"]
[Black "Diebel, Günter"]
[Result "1/2-1/2"]
[WhiteElo "1814"]
[BlackElo "1690"]
[PlyCount "136"]
[EventDate "2015.??.??"]
[WhiteTeam "SW Nürnberg Süd"]
[BlackTeam "SW Nürnberg Süd"]

1. e4 e5 2. f4 Nc6 3. Nf3 exf4 4. d4 d5 5. exd5 Qxd5 6. Nc3 Bb4 7. Be2 Bxc3+ 8.
bxc3 Nf6 9. O-O O-O 10. Bxf4 Qa5 11. c4 Bg4 12. d5 Ne7 13. Bg5 Qb6+ 14. Qd4 Nf5
15. Qxb6 axb6 16. Bxf6 gxf6 17. Bd3 Kg7 18. h3 Bxf3 19. Rxf3 Nd6 20. Raf1 f5
21. Ra1 Ra4 22. Bxf5 Nxf5 23. Rxf5 Rxc4 24. Rc1 Rd8 25. Rcf1 Rd7 26. R1f2 Rc5
27. Rd2 Rd6 28. Rd4 Rxc2 29. Rdf4 Rd7 30. Rg4+ Kf8 31. Rh4 Rxa2 32. Rxh7 b5 33.
Rh8+ Kg7 34. Rb8 b6 35. d6 Rxd6 36. Rxb5 Rg6 37. g4 Rc6 38. Rf5 Rc3 39. Rb7
Rg3+ 40. Kf1 Rxh3 41. Kg1 Rg3+ 42. Kf1 Rc2 43. Rf4 Kg6 44. Rb8 Rb3 45. Rg8+ Kh7
46. Re8 Rb1+ 47. Re1 Rxe1+ 48. Kxe1 Kg6 49. Kd1 Rc6 50. Kd2 f6 51. Kd3 Kg5 52.
Re4 b5 53. Rb4 Rd6+ 54. Kc3 c6 55. Re4 c5 56. Kb3 Rd4 57. Re6 Rxg4 58. Rc6 Rg3+
59. Kc2 f5 60. Rxc5 b4 61. Rb5 b3+ 62. Kd1 Kg4 63. Ke1 f4 64. Kf2 Rc3 65. Ke2
Rh3 66. Kf1 Rc3 67. Ke2 Rh3 68. Kf1 Rc3 1/2-1/2

[Event "Kreis-Mitte-EM"]
[Site "Zirndorf"]
[Date "2015.01.04"]
[Round "5.8"]
[White "Hahn, Thomas"]
[Black "Knab, Reinhard"]
[Result "1/2-1/2"]
[WhiteElo "1661"]
[BlackElo "1790"]
[PlyCount "56"]
[EventDate "2015.??.??"]
[WhiteTeam "Zabo-Eintracht N."]
[BlackTeam "Zabo-Eintracht N."]

1. e4 e5 2. f4 Qf6 3. d4 d6 4. Nf3 Bg4 5. Bc4 exf4 6. O-O g5 7. Nc3 c6 8. e5
Qg6 9. exd6 Bxf3 10. Re1+ Kd7 11. Qxf3 Bxd6 12. Qg4+ Kc7 13. Bd3 Nf6 14. Bxg6
Nxg4 15. Bxf7 Rf8 16. Bc4 Nd7 17. Bd2 f3 18. gxf3 Nxh2 19. Be2 Nxf3+ 20. Bxf3
Rxf3 21. Ne4 g4 22. Nxd6 Kxd6 23. Rf1 Raf8 24. Bb4+ c5 25. dxc5+ Nxc5 26. Rad1+
Kc6 27. Rxf3 Rxf3 28. Bxc5 Kxc5 1/2-1/2

[Event "Kreis-Mitte-EM"]
[Site "Zirndorf"]
[Date "2015.01.04"]
[Round "5.9"]
[White "Mantel, Hubert"]
[Black "Schöne, Steffen"]
[Result "0-1"]
[WhiteElo "1669"]
[BlackElo "1748"]
[PlyCount "80"]
[EventDate "2015.??.??"]
[WhiteTeam "Zabo-Eintracht N."]
[BlackTeam "Zabo-Eintracht N."]

1. e4 d6 2. Nf3 g6 3. d4 Nf6 4. Bd3 Bg7 5. h3 O-O 6. Be3 c6 7. Qd2 Re8 8. Nc3
Nbd7 9. Bh6 Bh8 10. g4 e5 11. O-O-O b5 12. dxe5 Nxe5 13. Nxe5 dxe5 14. Nxb5
cxb5 15. Bxb5 Qxd2+ 16. Rxd2 Be6 17. Bxe8 Rxe8 18. Rhd1 Bg7 19. g5 Bxh6 20.
gxh6 Nxe4 21. Re2 f5 22. f3 Bc4 23. Re3 Nf6 24. Rd6 Kf7 25. Rc6 Bd5 26. Rc7+
Re7 27. Rxe7+ Kxe7 28. Rxe5+ Kd6 29. Re3 a6 30. Rd3 Ke5 31. a3 Kf4 32. c4 Bxf3
33. Rd6 Ne4 34. Rxg6 Bh5 35. Rxa6 Kg3 36. Ra5 Bg6 37. c5 f4 38. c6 f3 39. c7 f2
40. c8=Q f1=Q+ 0-1

[Event "Kreis-Mitte-EM"]
[Site "Zirndorf"]
[Date "2015.01.04"]
[Round "5.10"]
[White "Mantel, Ruben"]
[Black "Pörzgen, Michael"]
[Result "1-0"]
[WhiteElo "1749"]
[BlackElo "1606"]
[PlyCount "85"]
[EventDate "2015.??.??"]
[WhiteTeam "Zabo-Eintracht N."]
[BlackTeam "SW Nürnberg Süd"]

1. Nf3 Nf6 2. d4 g6 3. Bf4 Bg7 4. e3 d6 5. Bd3 O-O 6. Nbd2 Nbd7 7. h4 Nh5 8.
Bh2 Ndf6 9. Ng5 h6 10. Nge4 Ng4 11. Qf3 e5 12. c3 Qxh4 13. O-O-O Nxh2 14. Rxh2
Qxh2 15. g4 Bxg4 16. Qxg4 f5 17. Qxg6 fxe4 18. Nxe4 Nf6 19. Rg1 Qxg1+ 20. Qxg1
exd4 21. cxd4 Nxe4 22. Bxe4 c6 23. Qg6 Rf6 24. Qg3 Raf8 25. f4 Re6 26. Bg6 d5
27. Kd2 Re7 28. f5 Rd8 29. Qh4 Red7 30. f6 Bf8 31. Qg3 Kh8 32. Qe5 Bd6 33. Qh5
Bf8 34. f7 Bb4+ 35. Kd3 Kg7 36. Bf5 Rxf7 37. Qg6+ Kf8 38. Qxh6+ Ke7 39. Qg5+
Rf6 40. Qg7+ Rf7 41. Qe5+ Kf8 42. Bg6 Rg7 43. Qf6+ 1-0

[Event "Kreis-Mitte-EM"]
[Site "Zirndorf"]
[Date "2015.01.04"]
[Round "5.11"]
[White "Babichev, Vyacheslav"]
[Black "Hüseinov, Sebaydin"]
[Result "0-1"]
[WhiteElo "1699"]
[BlackElo "1630"]
[PlyCount "96"]
[EventDate "2015.??.??"]
[WhiteTeam "SW Nürnberg Süd"]
[BlackTeam "Zabo-Eintracht N."]

1. e4 e5 2. Nf3 d6 3. d4 exd4 4. Nxd4 Nf6 5. Nc3 Be7 6. Bc4 O-O 7. O-O Nc6 8.
Nf5 Ne5 9. Nxe7+ Qxe7 10. Bb3 Be6 11. Nd5 Nxd5 12. exd5 Bf5 13. Re1 Qd8 14. Be3
Nd7 15. Qf3 Bg6 16. Re2 Nc5 17. Bc4 Nd7 18. Qg3 Re8 19. Rae1 a6 20. Bg5 f6 21.
Rxe8+ Bxe8 22. Be3 Bg6 23. Re2 Ne5 24. Bb3 Qd7 25. h3 Re8 26. c4 Bd3 27. Rd2
Bxc4 28. f4 Bxb3 29. fxe5 Bxa2 30. e6 Qb5 31. Qf3 a5 32. Kh2 Re7 33. Qe4 Bb3
34. Qd4 a4 35. Qa7 b6 36. Rd4 Kf8 37. Qb8+ Qe8 38. Qb7 c5 39. dxc6 Rxb7 40.
cxb7 Qb8 41. Bf4 Qxb7 42. Bxd6+ Ke8 43. e7 b5 44. Bb4 Bd5 45. g3 Kf7 46. h4 Qd7
47. Rd2 Qe6 48. h5 Qe4 0-1

[Event "Kreis-Mitte-EM"]
[Site "Zirndorf"]
[Date "2015.01.04"]
[Round "5.12"]
[White "Dreiseitel, Werner"]
[Black "Nüßlein, Christian"]
[Result "1/2-1/2"]
[WhiteElo "1455"]
[BlackElo "1661"]
[PlyCount "58"]
[EventDate "2015.??.??"]
[WhiteTeam "SC N-T Nürnberg"]
[BlackTeam "SGem Nürnberg 1978"]

1. d4 Nf6 2. c4 c5 3. d5 b5 4. cxb5 a6 5. Nc3 d6 6. e4 g6 7. Qc2 Bg7 8. h3 Nbd7
9. Nf3 axb5 10. Bxb5 O-O 11. O-O Ba6 12. a4 Bxb5 13. Nxb5 Qb6 14. Nc3 Rfb8 15.
Rb1 Ne8 16. Bd2 Qb3 17. Rfc1 Qxc2 18. Rxc2 Rb3 19. Be1 Bxc3 20. Bxc3 Rxa4 21.
Nd2 Rb8 22. b4 cxb4 23. Bd4 Nef6 24. f3 Nh5 25. Rc7 Nhf6 26. Bxf6 Nxf6 27. Rxe7
Ra6 28. Rc7 Ne8 29. Rc4 Rab6 1/2-1/2

[Event "Kreis-Mitte-EM"]
[Site "Zirndorf"]
[Date "2015.01.04"]
[Round "5.13"]
[White "Weißmann, Peter"]
[Black "Albayrak, Aylin"]
[Result "1-0"]
[WhiteElo "1656"]
[BlackElo "1499"]
[PlyCount "73"]
[EventDate "2015.??.??"]
[WhiteTeam "SK Zirndorf"]
[BlackTeam "Zabo-Eintracht N."]

1. e4 e6 2. d4 d5 3. Nd2 c5 4. exd5 cxd4 5. dxe6 fxe6 6. Bd3 Nf6 7. Nb3 Nc6 8.
f4 Bb4+ 9. Bd2 Bxd2+ 10. Qxd2 O-O 11. O-O-O Nd5 12. g3 a5 13. Nf3 Ne3 14. Rde1
e5 15. Nxe5 Nxe5 16. fxe5 Ng4 17. Bc4+ Kh8 18. Qxd4 Qg5+ 19. Qd2 Qe7 20. Qd6
Qg5+ 21. Kb1 Bf5 22. h4 Qh5 23. e6 Rfd8 24. Qf4 a4 25. Nd4 Bg6 26. e7 Re8 27.
Qg5 Ra5 28. Bb5 Nf6 29. Qxh5 Bxh5 30. Bxe8 Bxe8 31. Rhf1 Kg8 32. g4 h6 33. Rf5
Ra6 34. g5 hxg5 35. hxg5 Nd7 36. Ne6 Bf7 37. Nc7 1-0

[Event "Kreis-Mitte-EM"]
[Site "Zirndorf"]
[Date "2015.01.04"]
[Round "5.14"]
[White "Münzenberg, Dietrich"]
[Black "Nagel, Ekkehard"]
[Result "1-0"]
[WhiteElo "1668"]
[BlackElo "1100"]
[PlyCount "71"]
[EventDate "2015.??.??"]
[WhiteTeam "Zabo-Eintracht N."]
[BlackTeam "SC Anderssen Nbg."]

1. d4 d5 2. Bg5 Nd7 3. c3 Ngf6 4. Nd2 e6 5. e4 Be7 6. e5 Ne4 7. Nxe4 dxe4 8.
Be3 O-O 9. Qg4 f5 10. exf6 Nxf6 11. Qh3 e5 12. Qg3 exd4 13. Bxd4 Be6 14. O-O-O
Qe8 15. Kb1 Qf7 16. b3 Ng4 17. f3 exf3 18. Nxf3 Rad8 19. Bd3 Bf5 20. h3 Bxd3+
21. Rxd3 Qf5 22. Rhd1 Nf6 23. Qxc7 Rd7 24. Qc4+ Nd5 25. Ne5 b5 26. Qxb5 Nf4 27.
Qxd7 Qxd7 28. Nxd7 Nxd3 29. Rxd3 Rf1+ 30. Kc2 Bg5 31. b4 Re1 32. g4 Kf7 33. Kb3
Bf6 34. Rf3 Ke6 35. Nxf6 gxf6 36. Bxf6 1-0

[Event "Kreis-Mitte-EM"]
[Site "Zirndorf"]
[Date "2015.01.04"]
[Round "5.15"]
[White "Mantel, Hans"]
[Black "Nagel, Felix"]
[Result "0-1"]
[WhiteElo "1503"]
[BlackElo "1626"]
[PlyCount "98"]
[EventDate "2015.??.??"]
[WhiteTeam "Zabo-Eintracht N."]
[BlackTeam "SC Anderssen Nbg."]

1. e4 c6 2. Nc3 d5 3. Nf3 Nf6 4. d3 Bg4 5. Be2 Bxf3 6. Bxf3 d4 7. Ne2 e5 8. c3
c5 9. cxd4 cxd4 10. Ng3 Nbd7 11. Be2 Bb4+ 12. Bd2 Bxd2+ 13. Qxd2 O-O 14. f4 Rc8
15. O-O Qb6 16. fxe5 Nxe5 17. Nf5 Ng6 18. a4 Nxe4 19. dxe4 d3+ 20. Rf2 dxe2 21.
Qxe2 Rc5 22. Rd1 Rfc8 23. Kh1 Rc1 24. Rff1 R1c2 25. Rd2 Qxb2 26. Rxc2 Qxc2 27.
Qxc2 Rxc2 28. Rd1 h6 29. h3 Rc4 30. Rd8+ Kh7 31. Rd7 Ne5 32. Rxb7 Rxa4 33. Re7
Rxe4 34. Rxa7 Kg6 35. Ne7+ Kg5 36. Ra5 f6 37. Ra3 Ng4 38. Ra5+ Re5 39. Rxe5+
Nxe5 40. h4+ Kg4 41. Kh2 f5 42. Kg1 g6 43. Ng8 h5 44. Kf2 f4 45. Nf6+ Kxh4 46.
Nd5 Kg4 47. Nf6+ Kf5 48. Nd5 g5 49. Ne7+ Ke6 0-1

[Event "Kreis-Mitte-EM"]
[Site "Zirndorf"]
[Date "2015.01.06"]
[Round "6.1"]
[White "Luther, Helmut"]
[Black "Rausch, Wolfgang sr"]
[Result "1/2-1/2"]
[WhiteElo "1949"]
[BlackElo "1886"]
[PlyCount "23"]
[EventDate "2015.??.??"]
[WhiteTeam "SW Nürnberg Süd"]
[BlackTeam "SW Nürnberg Süd"]

1. d4 d6 2. c4 e5 3. e3 Be7 4. Nc3 Nf6 5. Nf3 Nbd7 6. Bd3 c6 7. O-O O-O 8. Qc2
Re8 9. b3 Bf8 10. Bb2 g6 11. Rad1 Qe7 12. dxe5 1/2-1/2

[Event "Kreis-Mitte-EM"]
[Site "Zirndorf"]
[Date "2015.01.06"]
[Round "6.2"]
[White "Walch, Roger"]
[Black "Strobel, Norbert"]
[Result "0-1"]
[WhiteElo "1686"]
[BlackElo "1948"]
[PlyCount "64"]
[EventDate "2015.??.??"]
[WhiteTeam "SW Nürnberg Süd"]
[BlackTeam "SK Zirndorf"]

1. e4 c6 2. d4 g6 3. Be3 d6 4. Nc3 Nf6 5. f3 a6 6. Qd2 Qa5 7. a3 b5 8. b4 Qc7
9. a4 Bb7 10. a5 h5 11. h3 Nbd7 12. Bd3 e5 13. Nge2 c5 14. bxc5 exd4 15. Nxd4
dxc5 16. Ndxb5 axb5 17. Nxb5 Qg3+ 18. Kf1 Qe5 19. Rb1 Qb8 20. Bf4 Ne5 21. Be2
Nfd7 22. Rd1 Bc6 23. c4 Be7 24. Qc3 f6 25. Kf2 Kf7 26. Rd2 Ng4+ 27. hxg4 Qxf4
28. Rhd1 Ne5 29. Nd6+ Bxd6 30. Rxd6 Nxg4+ 31. Ke1 Qg3+ 32. Kd2 Qxd6+ 0-1

[Event "Kreis-Mitte-EM"]
[Site "Zirndorf"]
[Date "2015.01.06"]
[Round "6.3"]
[White "Rummel, Gerald"]
[Black "Süß, Stefan"]
[Result "1/2-1/2"]
[WhiteElo "1826"]
[BlackElo "2004"]
[PlyCount "103"]
[EventDate "2015.??.??"]
[WhiteTeam "SC Anderssen Nbg."]
[BlackTeam "SC N-T Nürnberg"]

1. d4 Nf6 2. c4 e6 3. Nc3 d5 4. Nf3 Be7 5. Bf4 c6 6. e3 Nbd7 7. Bd3 O-O 8. O-O
Re8 9. e4 dxe4 10. Nxe4 Nxe4 11. Bxe4 Nf6 12. Bc2 b6 13. Qd3 Bb7 14. Be5 g6 15.
Rad1 Qc8 16. Rfe1 c5 17. b3 Qc6 18. dxc5 Qxc5 19. Qc3 Ng4 20. Bd4 Qb4 21. Be4
Qxc3 22. Bxc3 Bxe4 23. Rxe4 Nf6 24. Re2 Rad8 25. Rxd8 Rxd8 26. Kf1 Rd3 27. Bd2
Nd7 28. Re3 Rxe3 29. Bxe3 e5 30. Ke2 f6 31. Nd2 Kf7 32. Ne4 Ke6 33. Nc3 Nb8 34.
Nd5 Bd8 35. a4 Nc6 36. Kd3 Ne7 37. Nxe7 Bxe7 38. a5 bxa5 39. Bxa7 Bb4 40. f3
Kd6 41. f4 exf4 42. Bb8+ Kc6 43. Bxf4 Bc5 44. Bd2 Bb6 45. g4 Bc7 46. Ke4 Kc5
47. Kd3 Kc6 48. Bc3 Bd8 49. b4 axb4 50. Bxb4 Bc7 51. h3 Be5 52. Ke4 1/2-1/2